Deadeye / (Record no. 3807)

MARC details
000 -LEADER
fixed length control field 00873nam a22002417a 4500
001 - CONTROL NUMBER
control field 3807
003 - CONTROL NUMBER IDENTIFIER
control field FISKH
005 - DATE AND TIME OF LATEST TRANSACTION
control field 20240510084832.0
008 - FIXED-LENGTH DATA ELEMENTS--GENERAL INFORMATION
fixed length control field 240510b cb ||||| |||| 00| 0 eng d
040 ## - CATALOGING SOURCE
Original cataloging agency FISK
Language of cataloging eng
Transcribing agency FISK
Modifying agency FISK
050 ## - LIBRARY OF CONGRESS CALL NUMBER
Classification number PR6062.L39
082 ## - DEWEY DECIMAL CLASSIFICATION NUMBER
Classification number 823.914
100 ## - MAIN ENTRY--PERSONAL NAME
Personal name Llewellyn Sam
Dates associated with a name 1948-
245 ## - TITLE STATEMENT
Title Deadeye /
Statement of responsibility, etc. Sam Llewellyn
260 ## - PUBLICATION, DISTRIBUTION, ETC.
Place of publication, distribution, etc. London :
Name of publisher, distributor, etc. Spere Books Ltd,
Date of publication, distribution, etc. 1991
300 ## - PHYSICAL DESCRIPTION
Extent 368 pages :
Dimensions 19 cm
505 ## - FORMATTED CONTENTS NOTE
Formatted contents note M
520 ## - SUMMARY, ETC.
Summary, etc. Harry Frazer, smart solicitor and keen sailor, is caught in fog at night in his new cruiser-racer off Scotland and involved in a collision that almost kills him. As a result he is drawn into a world ruled by greed and violence. The author's other books include Death Roll and Hell Bay.
521 8# - TARGET AUDIENCE NOTE
Target audience note estimates,
Source Lexile
700 ## - ADDED ENTRY--PERSONAL NAME
Personal name Sam Llewellyn
942 ## - ADDED ENTRY ELEMENTS (KOHA)
Source of classification or shelving scheme Dewey Decimal Classification
Koha item type Books
Suppress in OPAC No
Holdings
Withdrawn status Lost status Source of classification or shelving scheme Damaged status Not for loan Collection Home library Current library Shelving location Date acquired Total Checkouts Full call number Barcode Date last seen Copy number Price effective from Koha item type
    Dewey Decimal Classification     Fiction Footprints International School Library Network Toul Kork Campus Footprints International School Library Network Toul Kork Campus   05/10/2024   LIE PR6062.L39 823.914 2024-0598 05/10/2024 1 05/10/2024 Books